[Event "GER-ch 67th"]
[Site "Binz"]
[Date "1995.??.??"]
[Round "2"]
[White "Rabiega, Robert"]
[Black "Odendahl, Reiner"]
[Result "1-0"]
[WhiteElo "2470"]
[BlackElo "2370"]
[EventDate "1995.11.??"]
[PlyCount "51"]

1. e4 c5 2. c3 d5 3. exd5 Qxd5 4. d4 cxd4 5. cxd4 Nc6 6. Nf3 e5 7. Nc3 Bb4 8. Be2 exd4 9. O-O Qd8 10. Nb5 Nge7 11. Nfxd4 O-O 12. Bf4 Nxd4 13. Qxd4 Qxd4 14. Nxd4 Be6 15. Nxe6 fxe6 16. Bg3 Nf5 17. Be5 Rac8 18. Rac1 Bd6 19. Bc3 e5 20. Rcd1 Rcd8 21. g3 b6 22. Kg2 g6 23. Bc4+ Kg7 24. Rfe1 Nd4 25. f4 Kf6 26. Rxd4 1-0

[Event "GER-ch 67th"]
[Site "Binz"]
[Date "1995.??.??"]
[Round "2"]
[White "Schaller, Sven"]
[Black "Siebrecht, Sebastian"]
[Result "1/2-1/2"]
[WhiteElo "2275"]
[BlackElo "2325"]
[EventDate "1995.11.??"]
[PlyCount "85"]

1. c4 g6 2. g3 Bg7 3. Bg2 e5 4. Nc3 d6 5. Nf3 Nc6 6. Rb1 Be6 7. d3 h6 8. b4 Qd7 9. Nd5 Nge7 10. Nd2 O-O 11. O-O f5 12. b5 Nd8 13. a4 f4 14. a5 Nxd5 15. cxd5 Bh3 16. Qc2 Bxg2 17. Kxg2 c5 18. bxc6 bxc6 19. Qb3 Kh7 20. Ba3 c5 21. a6 Nf7 22. Qb7 Qf5 23. Qc7 Ng5 24. Rb7 Rf7 25. Qxd6 f3+ 26. Nxf3 Qh3+ 27. Kg1 Rxf3 28. Qxe5 Rf7 29. Rxf7 Nxf7 30. Qe7 Qf5 31. Bxc5 Qxd5 32. Bxa7 Nd6 33. Qd7 Qe5 34. Rb1 Rf8 35. Be3 Nf5 36. Bf4 Qxe2 37. a7 Nd4 38. Qd5 Qxd3 39. Qb7 Ne2+ 40. Kh1 Nxf4 41. gxf4 h5 42. Re1 Qd8 43. Re7 1/2-1/2

[Event "GER-ch 67th"]
[Site "Binz"]
[Date "1995.??.??"]
[Round "2"]
[White "Teske, Henrik"]
[Black "Kachiani Gersinska, Ketino"]
[Result "1/2-1/2"]
[WhiteElo "2500"]
[BlackElo "2360"]
[EventDate "1995.11.??"]
[PlyCount "79"]

1. d4 Nf6 2. c4 g6 3. g3 Bg7 4. Bg2 O-O 5. e4 c6 6. Nc3 a6 7. Nge2 b5 8. b3 d6 9. O-O Nfd7 10. Be3 bxc4 11. bxc4 a5 12. Na4 Ba6 13. Qc2 Nb6 14. Nxb6 Qxb6 15. Rab1 Qc7 16. Rfc1 Nd7 17. Bf1 c5 18. d5 Ne5 19. Nf4 Rfb8 20. Be2 h5 21. Bd2 Rb4 22. Bxb4 axb4 23. a3 bxa3 24. Qa2 Bc8 25. Rb3 Qa5 26. Ra1 Nxc4 27. Bxc4 Bxa1 28. Qxa1 a2 29. Rb2 Qc3 30. Bxa2 Rb8 31. Nd3 Rxb2 32. Nxb2 Ba6 33. Qb1 h4 34. gxh4 Be2 35. Na4 Qh3 36. f3 Qxf3 37. Qe1 Qxe4 38. Nc3 Qd4+ 39. Qf2 Qg4+ 40. Qg3 1/2-1/2

[Event "GER-ch 67th"]
[Site "Binz"]
[Date "1995.??.??"]
[Round "2"]
[White "Voekler, Bernd"]
[Black "Mainka, Romuald"]
[Result "1/2-1/2"]
[WhiteElo "2360"]
[BlackElo "2530"]
[EventDate "1995.11.??"]
[PlyCount "50"]

1. e4 e5 2. Nf3 Nc6 3. Bb5 a6 4. Ba4 Nf6 5. O-O b5 6. Bb3 Bc5 7. Nxe5 Nxe5 8. d4 Bxd4 9. Qxd4 d6 10. f4 c5 11. Qd1 Neg4 12. Bd5 Nxd5 13. Qxd5 Ra7 14. e5 O-O 15. h3 Nh6 16. exd6 Rd7 17. Qxc5 Rxd6 18. Nc3 Re8 19. Be3 b4 20. Rad1 Nf5 21. Rxd6 Qxd6 22. Qxd6 Nxd6 23. Bc5 bxc3 24. Bxd6 cxb2 25. Rb1 Bf5 1/2-1/2

[Event "GER-ch 67th"]
[Site "Binz"]
[Date "1995.??.??"]
[Round "2"]
[White "Wahls, Matthias"]
[Black "Lagunow, Alexander"]
[Result "1/2-1/2"]
[WhiteElo "2550"]
[BlackElo "2395"]
[EventDate "1995.11.??"]
[PlyCount "61"]

1. e4 c5 2. Nf3 d6 3. d4 cxd4 4. Nxd4 Nf6 5. Nc3 Nc6 6. Bg5 e6 7. Qd2 a6 8. O-O-O h6 9. Be3 Be7 10. f4 Nxd4 11. Bxd4 b5 12. Qe3 Qc7 13. e5 dxe5 14. fxe5 Nd7 15. Ne4 Bb7 16. Nd6+ Qxd6 17. exd6 Bg5 18. Qxg5 hxg5 19. Bxg7 Rh4 20. Bd4 Rc8 21. Bf2 Rh6 22. h4 e5 23. Be2 Bxg2 24. Rhg1 Be4 25. Rd2 Rc6 26. hxg5 Rhxd6 27. Rxd6 Rxd6 28. Rg3 Rc6 29. c3 Bg6 30. Rh3 Ke7 31. Rh8 1/2-1/2

[Event "GER-ch 67th"]
[Site "Binz"]
[Date "1995.??.??"]
[Round "2"]
[White "Wesseln, Kai"]
[Black "Luther, Thomas"]
[Result "0-1"]
[WhiteElo "2365"]
[BlackElo "2550"]
[EventDate "1995.11.??"]
[PlyCount "34"]

1. d4 e6 2. c4 b6 3. Nc3 Bb4 4. e4 Bb7 5. d5 Na6 6. Nf3 Nc5 7. Bd3 Bxc3+ 8. bxc3 Ne7 9. O-O O-O 10. Be3 Nxd3 11. Qxd3 f5 12. Rad1 Qe8 13. e5 exd5 14. Bg5 Ba6 15. Nd2 dxc4 16. Nxc4 Ng6 17. Rfe1 Qe6 0-1

[Event "GER-ch 67th"]
[Site "Binz"]
[Date "1995.??.??"]
[Round "3"]
[White "Boensch, Uwe"]
[Black "Schlosser, Philipp"]
[Result "1/2-1/2"]
[WhiteElo "2560"]
[BlackElo "2500"]
[EventDate "1995.11.??"]
[PlyCount "36"]

1. d4 Nf6 2. c4 e6 3. Nf3 b6 4. a3 Bb7 5. Nc3 d5 6. Bg5 Be7 7. Qa4+ c6 8. Bxf6 Bxf6 9. cxd5 exd5 10. g3 O-O 11. Bg2 c5 12. O-O Qe7 13. Rad1 Rd8 14. e3 Na6 15. Rfe1 Nc7 16. dxc5 bxc5 17. Nd2 Ne6 18. Qc2 Rab8 1/2-1/2

[Event "GER-ch 67th"]
[Site "Binz"]
[Date "1995.??.??"]
[Round "3"]
[White "Enders, Peter"]
[Black "Schirm, Friedmar"]
[Result "1-0"]
[WhiteElo "2470"]
[BlackElo "2315"]
[EventDate "1995.11.??"]
[PlyCount "123"]

1. e4 Nf6 2. e5 Nd5 3. d4 d6 4. Nf3 dxe5 5. Nxe5 g6 6. Bc4 c6 7. Nd2 Bg7 8. Ndf3 O-O 9. Qe2 Nd7 10. c3 Nxe5 11. Nxe5 Qd6 12. h4 b5 13. Bb3 a5 14. h5 a4 15. Bxd5 Qxd5 16. hxg6 fxg6 17. O-O Bf5 18. Re1 Bxe5 19. Qxe5 Qxe5 20. Rxe5 e6 21. Bh6 Rfd8 22. f3 Kf7 23. Rae1 Bd3 24. Rxe6 Re8 25. R6e5 Rxe5 26. dxe5 Bc4 27. a3 Rd8 28. Kf2 Ke6 29. Be3 h5 30. Kg3 Rd5 31. Bf4 Rd7 32. Kh4 Rf7 33. Bg5 Rd7 34. Bh6 Rd5 35. Bf4 Rd7 36. Kg5 Bd3 37. Rd1 Rd8 38. Rh1 Bc2 39. Re1 Rd7 40. Re2 Bd3 41. Rd2 Rd5 42. Rf2 Rd7 43. Bh2 Bb1 44. g4 hxg4 45. fxg4 Rf7 46. Bf4 Rd7 47. Bg3 Rf7 48. Rh2 Rf1 49. Rd2 Be4 50. Rd6+ Ke7 51. Bh4 Rh1 52. Bf2 Rf1 53. Rf6 Ke8 54. e6 Bd3 55. Kh6 Rh1+ 56. Kg7 Rf1 57. g5 Ke7 58. Bc5+ Ke8 59. Rf7 Rf5 60. Re7+ Kd8 61. Rd7+ Ke8 62. Rxd3 1-0

[Event "GER-ch 67th"]
[Site "Binz"]
[Date "1995.??.??"]
[Round "3"]
[White "Kachiani Gersinska, Ketino"]
[Black "Rabiega, Robert"]
[Result "0-1"]
[WhiteElo "2360"]
[BlackElo "2470"]
[EventDate "1995.11.??"]
[PlyCount "78"]

1. d4 Nf6 2. c4 e6 3. g3 d5 4. Nf3 dxc4 5. Bg2 Nc6 6. O-O Rb8 7. e3 b5 8. Qe2 Be7 9. Rd1 O-O 10. e4 Bb7 11. Nc3 b4 12. d5 exd5 13. Nxd5 Nxd5 14. exd5 Na5 15. Be3 Bf6 16. Bxa7 Re8 17. Qc2 Ra8 18. Bd4 Bxd4 19. Nxd4 Qf6 20. Nc6 Nxc6 21. dxc6 Ba6 22. Re1 g6 23. Qd2 c3 24. bxc3 bxc3 25. Qd5 c2 26. Qc5 Bd3 27. Bd5 Re2 28. Rf1 Re5 29. Rfe1 Rae8 30. Rxe5 Qxe5 31. Rc1 Qe1+ 32. Rxe1 Rxe1+ 33. Kg2 c1=Q 34. Bxf7+ Kxf7 35. Qd5+ Re6 36. Qd7+ Re7 37. Qd5+ Kf8 38. Qd8+ Re8 39. Qxc7 Qxc6+ 0-1

[Event "GER-ch 67th"]
[Site "Binz"]
[Date "1995.??.??"]
[Round "3"]
[White "Knuth, Hannes"]
[Black "Wesseln, Kai"]
[Result "1-0"]
[WhiteElo "2265"]
[BlackElo "2365"]
[EventDate "1995.11.??"]
[PlyCount "43"]

1. d4 c5 2. d5 e5 3. e4 d6 4. Nf3 Be7 5. Nc3 Bg4 6. Bb5+ Kf8 7. a4 Bxf3 8. Qxf3 Bg5 9. Bxg5 Qxg5 10. a5 a6 11. Ba4 Qd8 12. Qh3 Ne7 13. O-O Ng6 14. Ne2 Nf4 15. Nxf4 exf4 16. Qf5 g5 17. e5 dxe5 18. Qxe5 Rg8 19. Rfe1 Rg6 20. Qh8+ Rg8 21. Qxh7 Nd7 22. Qh6+ 1-0

[Event "GER-ch 67th"]
[Site "Binz"]
[Date "1995.??.??"]
[Round "3"]
[White "Lagunow, Alexander"]
[Black "Teske, Henrik"]
[Result "1/2-1/2"]
[WhiteElo "2395"]
[BlackElo "2500"]
[EventDate "1995.11.??"]
[PlyCount "41"]

1. g3 c5 2. Bg2 Nc6 3. c4 Nf6 4. Nc3 g6 5. Nf3 Bg7 6. d4 cxd4 7. Nxd4 O-O 8. O-O Nxd4 9. Qxd4 d6 10. Qd3 Be6 11. Bxb7 Rb8 12. Bg2 Qa5 13. b3 Rxb3 14. axb3 Qxa1 15. Bd2 Qa6 16. Nb5 Rb8 17. Bc3 d5 18. Nc7 Qa3 19. Nxe6 Rxb3 20. Bxd5 Rxc3 21. Qd4 1/2-1/2

[Event "GER-ch 67th"]
[Site "Binz"]
[Date "1995.??.??"]
[Round "3"]
[White "Loew, Gerald"]
[Black "Gerstner, Wolfgang"]
[Result "0-1"]
[WhiteElo "2285"]
[BlackElo "2370"]
[EventDate "1995.11.??"]
[PlyCount "92"]

1. e4 c5 2. Nf3 e6 3. d4 cxd4 4. Nxd4 a6 5. c4 Nf6 6. Nc3 Qc7 7. Be2 Nc6 8. Be3 Bb4 9. Nc2 Bxc3+ 10. bxc3 Nxe4 11. Qd3 f5 12. f3 Nf6 13. Bc5 Ne5 14. Qd4 Nf7 15. O-O e5 16. Qf2 d6 17. Bb6 Qe7 18. Rfd1 Be6 19. Ne3 Rc8 20. Rac1 O-O 21. Nd5 Bxd5 22. cxd5 Nd7 23. Be3 Nc5 24. c4 f4 25. Bxc5 Rxc5 26. Bd3 e4 27. Bxe4 Ne5 28. Qd4 Qc7 29. Bd3 b5 30. Qe4 g6 31. h4 bxc4 32. Bc2 Qa7 33. Kf1 Rc7 34. h5 Re7 35. hxg6 hxg6 36. Qd4 Qxd4 37. Rxd4 Rb7 38. a4 g5 39. Kg1 Kg7 40. Be4 Rb2 41. Kf1 Kf6 42. Bc2 Rh8 43. Kg1 Rhb8 44. Kf1 Ra2 45. Re4 Rbb2 46. Re2 a5 0-1

[Event "GER-ch 67th"]
[Site "Binz"]
[Date "1995.??.??"]
[Round "3"]
[White "Mainka, Romuald"]
[Black "Lorscheid, Gerhard"]
[Result "1-0"]
[WhiteElo "2530"]
[BlackElo "2305"]
[EventDate "1995.11.??"]
[PlyCount "37"]

1. e4 d6 2. d4 Nf6 3. Nc3 g6 4. Be3 c6 5. Qd2 b5 6. Bd3 Nbd7 7. Nf3 Bg7 8. O-O O-O 9. Rfe1 e5 10. dxe5 dxe5 11. a4 b4 12. Ne2 Qa5 13. Bh6 Nc5 14. Bxg7 Kxg7 15. Nxe5 Ncxe4 16. Bxe4 Nxe4 17. Qd4 Qd5 18. Nxc6+ Qxd4 19. Nexd4 1-0

[Event "GER-ch 67th"]
[Site "Binz"]
[Date "1995.??.??"]
[Round "3"]
[White "Meyer, Ingo"]
[Black "Kirschbaum, Gunnar"]
[Result "1-0"]
[WhiteElo "2305"]
[BlackElo "2205"]
[EventDate "1995.11.??"]
[PlyCount "63"]

1. d4 Nf6 2. c4 g6 3. Nc3 Bg7 4. e4 d6 5. f4 O-O 6. Nf3 Na6 7. Be3 e5 8. dxe5 dxe5 9. Nxe5 Qe7 10. Bd3 Nc5 11. Bc2 c6 12. O-O Be6 13. Qe2 a5 14. Rad1 Rfe8 15. Rfe1 Ncd7 16. Nxd7 Bxd7 17. h3 h5 18. e5 Nh7 19. Na4 Be6 20. Nc5 Nf8 21. Rd6 Qh4 22. b3 g5 23. Rf1 Bxh3 24. Nxb7 Bc8 25. Nc5 g4 26. Qd3 g3 27. Re1 Bxe5 28. fxe5 Rxe5 29. Ne4 Bf5 30. Qd4 Rae8 31. Nf6+ Kh8 32. Qxh4 1-0

[Event "GER-ch 67th"]
[Site "Binz"]
[Date "1995.??.??"]
[Round "3"]
[White "Mueller, Matthias"]
[Black "Kuraszkiewicz, Michael"]
[Result "1/2-1/2"]
[WhiteElo "2340"]
[BlackElo "2280"]
[EventDate "1995.11.??"]
[PlyCount "84"]

1. e4 e6 2. d4 d5 3. Nc3 Nc6 4. Nf3 Nf6 5. e5 Ne4 6. Bd3 Bb4 7. Bd2 Nxd2 8. Qxd2 O-O 9. a3 Be7 10. O-O f6 11. exf6 Rxf6 12. Rfe1 Bd6 13. Ne5 Rf8 14. Nxc6 bxc6 15. Na4 Qf6 16. Re2 e5 17. dxe5 Bxe5 18. Rae1 Bd6 19. b4 a5 20. Nc5 axb4 21. axb4 Bf4 22. Qd1 Bg4 23. f3 Qh6 24. h3 Qh4 25. fxg4 Qg3 26. Bf5 Qh2+ 27. Kf2 Bg3+ 28. Ke3 Bxe1 29. Qxe1 Qe5+ 30. Kf3 Ra3+ 31. Nd3 Qd6 32. Re6 Qh2 33. Re8 Qd6 34. Rxf8+ Kxf8 35. Qe6 Qxe6 36. Bxe6 Rc3 37. Ke3 Rxc2 38. g3 Ke7 39. Bc8 Kd6 40. g5 Rg2 41. Kf3 Rd2 42. Ke3 Rg2 1/2-1/2

[Event "GER-ch 67th"]
[Site "Binz"]
[Date "1995.??.??"]
[Round "3"]
[White "Pohlers, Juergen"]
[Black "Molinaroli, Martin"]
[Result "0-1"]
[WhiteElo "2105"]
[BlackElo "2310"]
[EventDate "1995.11.??"]
[PlyCount "70"]

1. d4 Nf6 2. c4 c5 3. d5 b5 4. cxb5 a6 5. bxa6 Bxa6 6. Nc3 g6 7. g3 d6 8. Bg2 Bg7 9. Nh3 O-O 10. Nf4 Nbd7 11. h4 Qc7 12. h5 Rfb8 13. hxg6 hxg6 14. Qc2 Ne5 15. Be4 Ra7 16. Kf1 Rb4 17. a3 Nxe4 18. Nxe4 Rc4 19. Nc3 Bc8 20. f3 Rb7 21. Kg2 Qb6 22. a4 Bd7 23. Qd2 Rb4 24. Nd3 Rd4 25. Qg5 Nxd3 26. exd3 Qb3 27. Qd2 c4 28. Ra3 Rxd3 29. Qxd3 cxd3 30. Rxb3 Rxb3 31. Nd1 Bxa4 32. Kf2 Bd4+ 33. Kg2 d2 34. Bxd2 Rd3 35. Bc3 Bxd1 0-1

[Event "GER-ch 67th"]
[Site "Binz"]
[Date "1995.??.??"]
[Round "3"]
[White "Roeber, Bjoern"]
[Black "Bastian, Herbert"]
[Result "0-1"]
[WhiteElo "2210"]
[BlackElo "2345"]
[EventDate "1995.11.??"]
[PlyCount "36"]

1. d4 Nf6 2. c4 g6 3. Nc3 Bg7 4. e4 O-O 5. Nge2 c5 6. d5 b5 7. cxb5 a6 8. Ng3 d6 9. Bf4 h5 10. Be2 h4 11. Nf1 axb5 12. Bxb5 Qa5 13. Nd2 Nh5 14. Bg5 Bxc3 15. bxc3 Qxb5 16. Bxe7 Re8 17. Bxd6 Nd7 18. Qb3 Rxe4+ 0-1

[Event "GER-ch 67th"]
[Site "Binz"]
[Date "1995.??.??"]
[Round "3"]
[White "Rudolf, Henrik"]
[Black "Schaller, Sven"]
[Result "1-0"]
[WhiteElo "2280"]
[BlackElo "2275"]
[EventDate "1995.11.??"]
[PlyCount "71"]

1. e4 e6 2. d4 d5 3. Nc3 Nf6 4. e5 Nfd7 5. f4 c5 6. Nf3 Nc6 7. Be3 a6 8. Qd2 b5 9. dxc5 Bxc5 10. Bxc5 Nxc5 11. Bd3 Qb6 12. Qf2 Rb8 13. O-O b4 14. Ne2 Na4 15. Rab1 Qxf2+ 16. Rxf2 O-O 17. Ned4 Na5 18. g4 Nc4 19. b3 Na3 20. Re1 Nc5 21. f5 Bd7 22. Ng5 h6 23. Nh3 Rb6 24. Nf4 Bb5 25. Rg2 Rc8 26. fxe6 fxe6 27. g5 hxg5 28. Rxg5 Bxd3 29. cxd3 Nb5 30. Nxb5 axb5 31. Re3 Rc7 32. Rh3 Nd7 33. Ng6 Rbb7 34. Rf3 Kh7 35. Ne7 g6 36. Rf7+ 1-0

[Event "GER-ch 67th"]
[Site "Binz"]
[Date "1995.??.??"]
[Round "3"]
[White "Schulz, Karsten"]
[Black "Bischoff, Klaus"]
[Result "1/2-1/2"]
[WhiteElo "2315"]
[BlackElo "2550"]
[EventDate "1995.11.??"]
[PlyCount "44"]

1. Nf3 f5 2. d4 Nf6 3. Bg5 e6 4. Nbd2 Be7 5. Bxf6 Bxf6 6. e4 fxe4 7. Nxe4 Nc6 8. c3 b6 9. Bd3 Bb7 10. Qc2 Qe7 11. O-O-O O-O-O 12. Rhe1 g5 13. h3 Rdf8 14. Kb1 Qg7 15. Qe2 Kb8 16. Nxf6 Rxf6 17. Be4 Rhf8 18. d5 exd5 19. Bxd5 a5 20. Rd2 h6 21. Bxc6 Bxc6 22. Ne5 Qh7+ 1/2-1/2

[Event "GER-ch 67th"]
[Site "Binz"]
[Date "1995.??.??"]
[Round "3"]
[White "Siebrecht, Sebastian"]
[Black "Krause, Ullrich"]
[Result "1-0"]
[WhiteElo "2325"]
[BlackElo "2260"]
[EventDate "1995.11.??"]
[PlyCount "76"]

1. d4 e6 2. Nf3 Nf6 3. Bg5 d5 4. Nbd2 Be7 5. e3 c5 6. c3 Nbd7 7. Bd3 b6 8. O-O Bb7 9. Ne5 Nxe5 10. dxe5 Nd7 11. Bxe7 Qxe7 12. Qg4 O-O-O 13. f4 f5 14. Qe2 g5 15. Ba6 gxf4 16. Bxb7+ Kxb7 17. exf4 Rhg8 18. a4 Rg4 19. a5 Rdg8 20. Rf2 Nb8 21. Nf1 R4g7 22. Ne3 Qd7 23. axb6 axb6 24. b3 Qc6 25. b4 c4 26. Nc2 Qd7 27. Nd4 Nc6 28. Nb5 Ra8 29. Nd6+ Kb8 30. Rff1 Rxa1 31. Rxa1 Qd8 32. Qh5 Qg8 33. g3 Ra7 34. Rxa7 Kxa7 35. b5 Na5 36. Qh4 Qg7 37. Qd8 Nb7 38. Qc8 Qe7 1-0

[Event "GER-ch 67th"]
[Site "Binz"]
[Date "1995.??.??"]
[Round "3"]
[White "Slobodjan, Roman"]
[Black "Voekler, Bernd"]
[Result "1-0"]
[WhiteElo "2500"]
[BlackElo "2360"]
[EventDate "1995.11.??"]
[PlyCount "175"]

1. e4 c5 2. Nf3 d6 3. d4 cxd4 4. Nxd4 Nf6 5. Nc3 a6 6. Be2 e5 7. Nb3 Be7 8. O-O O-O 9. Be3 Nbd7 10. f3 b6 11. Nd5 Bb7 12. Nxe7+ Qxe7 13. c4 Rfd8 14. Qd2 Rab8 15. Rfd1 Nc5 16. Bf1 Bc6 17. Nc1 b5 18. Nb3 Ne6 19. Qa5 Qb7 20. Rac1 b4 21. Bf2 g5 22. c5 d5 23. exd5 Nxd5 24. Qxa6 Qxa6 25. Bxa6 Ra8 26. Bc4 Rxa2 27. Nd4 Nxd4 28. Bxd4 Ra5 29. Bxe5 Rxc5 30. Bf6 Re8 31. Bxg5 Nc3 32. bxc3 bxc3 33. Rxc3 Rxg5 34. Bxf7+ Kxf7 35. Rxc6 Re2 36. Rc7+ Ke6 37. Rc6+ Ke7 38. g4 h5 39. h3 Ra5 40. Rcc1 Kf6 41. Ra1 Rc5 42. Re1 Rd2 43. Rec1 Re5 44. Ra6+ Kg5 45. gxh5 Kh4 46. Rg6 Kxh5 47. Rg2 Rg5 48. Rxg5+ Kxg5 49. Rc4 Ra2 50. Rg4+ Kf5 51. Rg2 Ra8 52. Kf2 Rh8 53. Rg3 Rh7 54. Kg2 Ra7 55. Rg8 Kf4 56. Rf8+ Kg5 57. Kg3 Ra1 58. h4+ Kg6 59. Rg8+ Kf6 60. Rb8 Ra7 61. Rf8+ Kg6 62. Rf4 Ra1 63. Rb4 Rc1 64. Kf4 Rf1 65. Rb5 Rf2 66. Rg5+ Kh6 67. Kg4 Rg2+ 68. Kf5 Rh2 69. Rg6+ Kh7 70. Rg4 Kh6 71. f4 Rh1 72. Kf6 Kh5 73. Rg5+ Kh6 74. Rg6+ Kh5 75. Rg5+ Kh6 76. Rg8 Kh7 77. Rg4 Kh6 78. f5 Ra1 79. Rd4 Rf1 80. Re4 Rf2 81. Re5 Rg2 82. Kf7 Rg7+ 83. Kf8 Ra7 84. Re6+ Kh5 85. f6 Kh6 86. f7+ Kh7 87. h5 Rb7 88. Ke8 1-0

[Event "GER-ch 67th"]
[Site "Binz"]
[Date "1995.??.??"]
[Round "3"]
[White "Stern, Rene"]
[Black "Lutz, Christopher"]
[Result "1/2-1/2"]
[WhiteElo "2435"]
[BlackElo "2575"]
[EventDate "1995.11.??"]
[PlyCount "86"]

1. d4 f5 2. Bg5 d6 3. Nc3 h6 4. Bf4 g5 5. Bc1 Nf6 6. e4 Bg7 7. h4 g4 8. exf5 Bxf5 9. Nge2 Qd7 10. Ng3 Bh7 11. Bd3 Bxd3 12. Qxd3 e6 13. Be3 Nc6 14. O-O-O O-O-O 15. Kb1 Kb8 16. Rhe1 Qf7 17. a3 Rde8 18. Re2 Rhf8 19. Rde1 Nh5 20. Nxh5 Qxh5 21. g3 Qf7 22. d5 exd5 23. Nxd5 Re5 24. Nf4 Rg8 25. c3 b6 26. Bd4 Rxe2 27. Rxe2 Be5 28. Bxe5 Nxe5 29. Qb5 Rf8 30. Ka1 Kb7 31. Re4 a6 32. Qe2 Qd7 33. h5 Rf6 34. Nd5 Rf5 35. Nf4 Qb5 36. Qxb5 axb5 37. Kb1 Kc6 38. Ng6 Rg5 39. Nxe5+ dxe5 40. Kc2 Kd5 41. Kd3 Rf5 42. Rxg4 Rxf2 43. Rg6 e4+ 1/2-1/2

[Event "GER-ch 67th"]
[Site "Binz"]
[Date "1995.??.??"]
[Round "3"]
[White "Vatter, Hans Joachim"]
[Black "Buchal, Stephan"]
[Result "1/2-1/2"]
[WhiteElo "2385"]
[BlackElo "2295"]
[EventDate "1995.11.??"]
[PlyCount "25"]

1. e4 g6 2. d4 Bg7 3. Nc3 d6 4. Be3 a6 5. Qd2 b5 6. f3 Nd7 7. g4 Nb6 8. Bd3 d5 9. Nxd5 Nxd5 10. exd5 Nf6 11. Ne2 Bb7 12. Bh6 Bxh6 13. Qxh6 1/2-1/2

[Event "GER-ch 67th"]
[Site "Binz"]
[Date "1995.??.??"]
[Round "3"]
[White "Vuckovic, Aleksandar"]
[Black "Machelett, Heiko"]
[Result "1-0"]
[WhiteElo "2290"]
[BlackElo "2385"]
[EventDate "1995.11.??"]
[PlyCount "51"]

1. e4 e6 2. d4 d5 3. Nd2 c5 4. exd5 Qxd5 5. Ngf3 cxd4 6. Bc4 Qd8 7. O-O a6 8. Nb3 Qc7 9. Qe2 Bd6 10. Nbxd4 Ne7 11. Bg5 Nbc6 12. Nxc6 Nxc6 13. Rad1 O-O 14. c3 Ne7 15. Bd3 Ng6 16. Bxg6 hxg6 17. Qe4 Be7 18. Bxe7 Qxe7 19. Rd4 Rb8 20. Ne5 Qc7 21. Re1 b5 22. Qh4 g5 23. Qh5 f6 24. Ng6 Re8 25. h4 e5 26. hxg5 1-0

[Event "GER-ch 67th"]
[Site "Binz"]
[Date "1995.??.??"]
[Round "3"]
[White "Womacka, Mathias"]
[Black "Boehnisch, Manfred"]
[Result "0-1"]
[WhiteElo "2490"]
[BlackElo "2315"]
[EventDate "1995.11.??"]
[PlyCount "68"]

1. e4 c6 2. d4 d5 3. Nd2 dxe4 4. Nxe4 Bf5 5. Ng3 Bg6 6. Nf3 Nd7 7. h4 h6 8. h5 Bh7 9. Bd3 Bxd3 10. Qxd3 Qc7 11. Bd2 e6 12. O-O-O O-O-O 13. Ne4 Ngf6 14. g3 Nxe4 15. Qxe4 Bd6 16. c4 c5 17. d5 Nf6 18. Qc2 exd5 19. cxd5 Rhe8 20. Bc3 Ng4 21. Rh4 Ne5 22. Bxe5 Bxe5 23. Rc4 b6 24. b4 Bd6 25. Nd4 Kb7 26. b5 Bf4+ 27. Kb1 Rxd5 28. Nc6 Rxd1+ 29. Qxd1 Qd6 30. Qh1 Qd3+ 31. Ka1 Kc7 32. Rxf4 Qc3+ 33. Kb1 Re1+ 34. Qxe1 Qxe1+ 0-1

[Event "GER-ch 67th"]
[Site "Binz"]
[Date "1995.??.??"]
[Round "3"]
[White "Zude, Arno"]
[Black "Wahls, Matthias"]
[Result "1-0"]
[WhiteElo "2405"]
[BlackElo "2550"]
[EventDate "1995.11.??"]
[PlyCount "37"]

1. e4 c5 2. Nf3 d6 3. d4 cxd4 4. Nxd4 Nf6 5. Nc3 a6 6. a4 g6 7. Be2 Bg7 8. O-O O-O 9. Be3 Nbd7 10. f4 Re8 11. Kh1 b6 12. Bf3 e5 13. fxe5 Nxe5 14. Bg5 h6 15. Bh4 Qc7 16. Be2 Ned7 17. Bxf6 Nxf6 18. Rxf6 Qc5 19. Nb3 1-0

[Event "GER-ch 67th"]
[Site "Binz"]
[Date "1995.??.??"]
[Round "4"]
[White "Bastian, Herbert"]
[Black "Krause, Ullrich"]
[Result "0-1"]
[WhiteElo "2345"]
[BlackElo "2260"]
[EventDate "1995.11.??"]
[PlyCount "76"]

1. e4 e6 2. d4 d5 3. e5 c5 4. c3 Qb6 5. Nf3 Nc6 6. a3 c4 7. g3 f6 8. exf6 Nxf6 9. Bg2 Bd6 10. O-O O-O 11. Qe2 Kh8 12. Nbd2 Bd7 13. Ne5 Be8 14. Ndf3 Bh5 15. Nxc6 Qxc6 16. Qxe6 Bg4 17. Qe1 Ne4 18. Ne5 Bxe5 19. dxe5 Bf3 20. Bxf3 Rxf3 21. Qd1 Raf8 22. Be3 h5 23. Qd4 h4 24. Rad1 Qg6 25. e6 hxg3 26. fxg3 Nxg3 27. Rxf3 Rxf3 28. Qh4+ Nh5+ 29. Qg5 Qxg5+ 30. Bxg5 Rf5 31. Bh4 Kg8 32. Bf2 b6 33. a4 Nf4 34. e7 Kf7 35. Re1 Ke8 36. Bd4 Rf7 37. a5 bxa5 38. Bc5 Nd3 0-1

[Event "GER-ch 67th"]
[Site "Binz"]
[Date "1995.??.??"]
[Round "4"]
[White "Bischoff, Klaus"]
[Black "Knuth, Hannes"]
[Result "1-0"]
[WhiteElo "2550"]
[BlackElo "2265"]
[EventDate "1995.11.??"]
[PlyCount "68"]

1. c4 e5 2. Nc3 Bb4 3. Nd5 Ba5 4. b4 c6 5. bxa5 cxd5 6. cxd5 Nf6 7. Bb2 d6 8. Qa4+ Nbd7 9. Ba3 O-O 10. Bxd6 Nb6 11. axb6 Qxd6 12. e4 Bd7 13. Qc2 Qxb6 14. Bd3 Ng4 15. Nh3 f5 16. O-O Rac8 17. Qb1 Qd4 18. exf5 Nf6 19. Ng5 Rfe8 20. d6 h6 21. Ne4 Bc6 22. Re1 Nxe4 23. Bxe4 Qxd6 24. d3 b5 25. h3 a5 26. a3 Rb8 27. Re3 Bd5 28. Qe1 Bxe4 29. dxe4 b4 30. axb4 axb4 31. Rg3 Kh7 32. Qe2 b3 33. Rb1 Qa3 34. Qh5 g5 1-0

[Event "GER-ch 67th"]
[Site "Binz"]
[Date "1995.??.??"]
[Round "4"]
[White "Buchal, Stephan"]
[Black "Mueller, Matthias"]
[Result "1/2-1/2"]
[WhiteElo "2295"]
[BlackElo "2340"]
[EventDate "1995.11.??"]
[PlyCount "39"]

1. g3 d5 2. Bg2 Nf6 3. d3 c6 4. Nd2 e5 5. Ngf3 Bd6 6. e4 O-O 7. O-O Bg4 8. h3 Bh5 9. Re1 Nbd7 10. c3 Re8 11. Qc2 Bf8 12. Nh4 dxe4 13. dxe4 Nc5 14. Bf1 a5 15. a4 Qc7 16. Nc4 Nfd7 17. Nf5 Bg6 18. Be3 Nf6 19. Bg2 b5 20. axb5 1/2-1/2

[Event "GER-ch 67th"]
[Site "Binz"]
[Date "1995.??.??"]
[Round "4"]
[White "Gerstner, Wolfgang"]
[Black "Luther, Thomas"]
[Result "1/2-1/2"]
[WhiteElo "2370"]
[BlackElo "2550"]
[EventDate "1995.11.??"]
[PlyCount "82"]

1. c4 e6 2. Nc3 b6 3. Nf3 Bb7 4. g3 Nf6 5. Bg2 Bb4 6. Qc2 O-O 7. O-O d5 8. cxd5 exd5 9. d4 Re8 10. Rd1 Nbd7 11. e3 a6 12. b3 Bd6 13. Bb2 Qe7 14. Rac1 Rad8 15. Nd2 Rb8 16. Re1 Qf8 17. Rcd1 Ba8 18. Qf5 g6 19. Qd3 b5 20. e4 dxe4 21. Ndxe4 b4 22. Nxf6+ Nxf6 23. Ne4 Nxe4 24. Bxe4 Bxe4 25. Rxe4 Rxe4 26. Qxe4 Qe8 27. Qxe8+ Rxe8 28. Kf1 Kf8 29. Re1 Rxe1+ 30. Kxe1 Ke7 31. Ke2 Ke6 32. Bc1 Kd5 33. Kd3 f5 34. Bh6 Be7 35. h3 Bd6 36. Ke3 c6 37. Kd3 Bc7 38. Bf8 a5 39. Bh6 Bb8 40. Bg5 Ba7 41. Bf6 Bb6 1/2-1/2

[Event "GER-ch 67th"]
[Site "Binz"]
[Date "1995.??.??"]
[Round "4"]
[White "Kirschbaum, Gunnar"]
[Black "Hennings, Artur"]
[Result "1-0"]
[WhiteElo "2205"]
[BlackElo "2345"]
[EventDate "1995.11.??"]
[PlyCount "25"]

1. d4 d6 2. c4 e5 3. Nf3 Nd7 4. Nc3 Ngf6 5. Bg5 Be7 6. e3 c6 7. Qc2 Qa5 8. Bd3 O-O 9. Bxh7+ Kh8 10. Bd3 Ng8 11. dxe5 dxe5 12. O-O f6 13. Nh4 1-0

[Event "GER-ch 67th"]
[Site "Binz"]
[Date "1995.??.??"]
[Round "4"]
[White "Kuraszkiewicz, Michael"]
[Black "Kachiani Gersinska, Ketino"]
[Result "1-0"]
[WhiteElo "2280"]
[BlackElo "2360"]
[EventDate "1995.11.??"]
[PlyCount "105"]

1. d4 Nf6 2. c4 e6 3. Nf3 Bb4+ 4. Bd2 a5 5. g3 b6 6. Bg2 Ba6 7. Qc2 O-O 8. O-O d5 9. Bxb4 axb4 10. Nbd2 Bb7 11. cxd5 exd5 12. Rfc1 Na6 13. Ne5 Qe7 14. Ndc4 b3 15. axb3 Nb4 16. Qd1 Rxa1 17. Rxa1 Bc8 18. Ne3 c5 19. Nc2 Nxc2 20. Qxc2 g6 21. e3 Bf5 22. Qe2 Rc8 23. Rc1 cxd4 24. Rxc8+ Bxc8 25. exd4 Qc7 26. Qd2 Bf5 27. h3 h5 28. Qc3 Qa7 29. Qc6 Kg7 30. Bxd5 Nxd5 31. Qxd5 Be6 32. Qe4 Qa1+ 33. Kg2 Qa5 34. Nc4 Bd5 35. Nxa5 Bxe4+ 36. f3 Bxf3+ 37. Kxf3 bxa5 38. Ke4 Kf6 39. Kd5 Ke7 40. Kc6 h4 41. g4 f5 42. gxf5 gxf5 43. Kd5 Kf6 44. b4 axb4 45. b3 f4 46. Ke4 Kg5 47. d5 f3 48. Kxf3 Kf5 49. d6 Ke6 50. Kg4 Kxd6 51. Kxh4 Ke5 52. Kg5 Kd4 53. h4 1-0